Antibiotic and Chemotherapy. (Record no. 4233)

MARC details
000 -LEADER
fixed length control field 00615nam a22002057a 4500
003 - CONTROL NUMBER IDENTIFIER
control field OSt
005 - DATE AND TIME OF LATEST TRANSACTION
control field 20160530183721.0
008 - FIXED-LENGTH DATA ELEMENTS--GENERAL INFORMATION
fixed length control field 160530b xxu||||| |||| 00| 0 eng d
020 ## - INTERNATIONAL STANDARD BOOK NUMBER
International Standard Book Number 0443071292
040 ## - CATALOGING SOURCE
Transcribing agency DLMN.
082 ## - DEWEY DECIMAL CLASSIFICATION NUMBER
Classification number QV 704A87r 2003
100 ## - MAIN ENTRY--PERSONAL NAME
Personal name Edited by Finch,G.Roger;[et.....al]
9 (RLIN) 9122
245 ## - TITLE STATEMENT
Title Antibiotic and Chemotherapy.
Remainder of title Anti-infective agents and their use in therapy.
250 ## - EDITION STATEMENT
Edition statement 8th ed.
260 ## - PUBLICATION, DISTRIBUTION, ETC. (IMPRINT)
Place of publication, distribution, etc. London.
Name of publisher, distributor, etc. Churchill,Livingstone.
Date of publication, distribution, etc. 2003.
300 ## - PHYSICAL DESCRIPTION
Extent xii,964p;
Other physical details ill;
Dimensions 28cm.
504 ## - BIBLIOGRAPHY, ETC. NOTE
Bibliography, etc References and index are included.
650 ## - SUBJECT ADDED ENTRY--TOPICAL TERM
Topical term or geographic name as entry element Pharmacology.
9 (RLIN) 357
942 ## - ADDED ENTRY ELEMENTS (KOHA)
Source of classification or shelving scheme Other/Generic Classification Scheme
Koha item type Open Shelf
Holdings
Withdrawn status Lost status Source of classification or shelving scheme Damaged status Not for loan Home library Current library Date acquired Source of acquisition Inventory number Total Checkouts Full call number Barcode Date last seen Date last checked out Koha item type
    Other/Generic Classification Scheme     MUST Main Library MUST Main Library 30/05/2016 Purchase 08/29314 1 QV704A87r 2003 2016-2251 13/11/2020 10/03/2020 Open Shelf
    Other/Generic Classification Scheme     MUST Main Library MUST Main Library 30/05/2016 Purchase 08/29313 1 QV704 A87r 2003 2016-2253 11/11/2019 28/10/2019 Open Shelf
    Other/Generic Classification Scheme     MUST Main Library MUST Main Library 27/04/2022 Purchase 08/29579 1 QV 704A87r 2003 2022-0668 07/02/2023 20/01/2023 Open Shelf